Dork diaries (Record no. 586374)
[ view plain ]
| 000 -LEADER | |
|---|---|
| fixed length control field | 00307nam a22001217a 4500 |
| 020 ## - INTERNATIONAL STANDARD BOOK NUMBER | |
| International Standard Book Number | 9781471172779 |
| 040 ## - CATALOGING SOURCE | |
| Transcribing agency | NUST |
| 082 ## - DEWEY DECIMAL CLASSIFICATION NUMBER | |
| Classification number | 823-CH |
| Author Mark | RUS |
| 100 ## - MAIN ENTRY--PERSONAL NAME | |
| Personal name | Rachel Renee Russell |
| 9 (RLIN) | 81934 |
| 245 ## - TITLE STATEMENT | |
| Title | Dork diaries |
| Remainder of title | Birthday Drama |
| 260 ## - PUBLICATION, DISTRIBUTION, ETC. | |
| Place of publication, distribution, etc. | UK : |
| Name of publisher, distributor, etc. | Simon And Schuster UK Ltd, |
| Date of publication, distribution, etc. | 2018. |
| 942 ## - ADDED ENTRY ELEMENTS (KOHA) | |
| Source of classification or shelving scheme | |
| Koha item type | Book |
| Withdrawn status | Lost status | Source of classification or shelving scheme | Damaged status | Not for loan | Permanent Location | Current Location | Shelving location | Date acquired | Shelving control number | Full call number | Barcode | Date last seen | Price effective from | Koha item type | Public note |
|---|---|---|---|---|---|---|---|---|---|---|---|---|---|---|---|
| College of Electrical & Mechanical Engineering (CEME) | College of Electrical & Mechanical Engineering (CEME) | Fiction | 09/02/2021 | English Literature | 823-CH RUS | CEME-50314 | 09/02/2021 | 09/02/2021 | Book | CART-4 |
